[Event "Moscow Open 2018 AB"]
[Site "?"]
[Date "2018.01.29"]
[Round "3.12"]
[White "Drozdova, Dina"]
[Black "Nechaeva, Marina"]
[Result "0-1"]
[BlackElo "2421"]
[WhiteElo "2209"]
[LiveChessVersion "1.4.8"]

1. d4 {[%clk 1:30:55]} d5 {[%clk 1:30:08]} 2. c4 {[%clk 1:31:07]} e6
{[%clk 1:30:33]} 3. Nc3 {[%clk 1:28:55]} c6 {[%clk 1:30:29]} 4. cxd5
{[%clk 1:29:05]} exd5 {[%clk 1:30:55]} 5. Bf4 {[%clk 1:26:55]} Bd6
{[%clk 1:28:57]} 6. Bxd6 {[%clk 1:22:38]} Qxd6 {[%clk 1:29:22]} 7. e3
{[%clk 1:22:40]} Bf5 {[%clk 1:29:44]} 8. Bd3 {[%clk 1:17:25]} Bxd3
{[%clk 1:30:01]} 9. Qxd3 {[%clk 1:17:48]} Nf6 {[%clk 1:30:26]} 10. Nf3
{[%clk 1:15:14]} Nbd7 {[%clk 1:30:50]} 11. O-O {[%clk 1:14:33]} O-O
{[%clk 1:31:16]} 12. Rfc1 {[%clk 1:00:46]} Rfe8 {[%clk 1:31:38]} 13. Qd1
{[%clk 1:00:00]} Re6 {[%clk 1:29:49]} 14. Nd2 {[%clk 0:53:41]} Rae8
{[%clk 1:26:25]} 15. b4 {[%clk 0:38:11]} Ne4 {[%clk 1:02:34]} 16. Ncxe4
{[%clk 0:37:32]} dxe4 {[%clk 1:03:00]} 17. Rab1 {[%clk 0:30:55]} Rh6
{[%clk 1:00:14]} 18. Nf1 {[%clk 0:28:40]} a6 {[%clk 0:58:17]} 19. a4
{[%clk 0:18:32]} Qd5 {[%clk 0:57:16]} 20. Qb3 {[%clk 0:12:46]} Qg5
{[%clk 0:55:43]} 21. b5 {[%clk 0:12:37]} axb5 {[%clk 0:56:07]} 22. axb5
{[%clk 0:13:01]} Rg6 {[%clk 0:47:39]} 23. g3 {[%clk 0:12:57]} c5 24. Ra1
{[%clk 0:10:48]} Qf5 {[%clk 0:42:18]} 25. Ra7 {[%clk 0:06:07]} b6
{[%clk 0:38:50]} 26. Rd1 {[%clk 0:03:21]} Rf6 {[%clk 0:28:29]} 27. Rd2
{[%clk 0:03:32]} h6 {[%clk 0:27:44]} 28. Qd1 {[%clk 0:01:40]} cxd4
{[%clk 0:20:30]} 29. exd4 {[%clk 0:02:01]} Qxb5 {[%clk 0:20:54]} 30. Ne3
{[%clk 0:01:30]} Rd6 {[%clk 0:18:50]} 31. Kg2 {[%clk 0:01:38]} Nf6
{[%clk 0:18:37]} 32. Qa1 {[%clk 0:01:10]} Nd5 {[%clk 0:18:10]} 33. Ra8
{[%clk 0:00:34]} Rdd8 {[%clk 0:07:31]} 34. Ra7 {[%clk 0:00:36]} Qc6
{[%clk 0:06:54]} 35. Qa2 {[%clk 0:00:47]} Qe6 {[%clk 0:07:06]} 36. Rc2
{[%clk 0:00:48]} Nxe3+ {[%clk 0:01:06]} 37. fxe3 {[%clk 0:01:13]} Rd5
{[%clk 0:01:23]} 38. Rcc7 {[%clk 0:00:43]} Rf5 {[%clk 0:01:21]} 39. Qxe6
{[%clk 0:00:57]} Rxe6 {[%clk 0:01:48]} 40. Rab7 {[%clk 0:31:16]} Rf3
{[%clk 0:31:17]} 41. Rc3 {[%clk 0:24:44]} g6 {[%clk 0:18:21]} 42. Rd7
{[%clk 0:19:15]} Ref6 {[%clk 0:18:32]} 43. Re7 {[%clk 0:11:23]} Rf2+
{[%clk 0:18:55]} 44. Kh3 {[%clk 0:11:36]} Re2 {[%clk 0:15:02]} 45. Rxe4
{[%clk 0:11:34]} Rff2 {[%clk 0:15:29]} 46. Rc8+ {[%clk 0:10:23]} Kg7
{[%clk 0:15:55]} 47. Rc7 {[%clk 0:10:37]} g5 {[%clk 0:09:10]} 48. Re5
{[%clk 0:07:51]} Kg6 {[%clk 0:08:51]} 49. Rc6+ {[%clk 0:05:19]} f6
{[%clk 0:09:14]} 50. Re8 {[%clk 0:04:14]} h5 {[%clk 0:09:26]} 0-1

[Event "Moscow Open 2018 AB"]
[Site "?"]
[Date "2018.01.29"]
[Round "3.13"]
[White "Lysenko, Margarita"]
[Black "Shuvalova, Polina"]
[Result "1-0"]
[BlackElo "2388"]
[WhiteElo "2202"]
[LiveChessVersion "1.4.8"]

1. d4 {[%clk 1:28:09]} Nf6 {[%clk 1:30:58]} 2. c4 {[%clk 1:27:18]} g6
{[%clk 1:30:36]} 3. Nf3 {[%clk 1:23:00]} Bg7 {[%clk 1:30:58]} 4. g3
{[%clk 1:21:22]} O-O {[%clk 1:30:20]} 5. Bg2 {[%clk 1:19:14]} d5 {[%clk 1:30:44]}
6. cxd5 {[%clk 1:14:57]} Nxd5 {[%clk 1:31:11]} 7. O-O {[%clk 1:15:15]} Nb6
{[%clk 1:29:05]} 8. Nc3 {[%clk 1:05:10]} Nc6 {[%clk 1:29:30]} 9. d5
{[%clk 0:56:15]} Na5 {[%clk 1:29:23]} 10. e4 {[%clk 0:45:21]} c6 {[%clk 1:29:24]}
11. h3 {[%clk 0:38:36]} Re8 {[%clk 1:23:10]} 12. Re1 {[%clk 0:29:29]} Nac4
{[%clk 1:17:32]} 13. dxc6 {[%clk 0:19:44]} bxc6 {[%clk 1:14:50]} 14. Qc2
{[%clk 0:19:01]} Qd6 {[%clk 1:10:01]} 15. a3 {[%clk 0:14:25]} Qc5
{[%clk 1:01:57]} 16. b4 {[%clk 0:09:11]} Qd6 {[%clk 1:00:57]} 17. Bf4
{[%clk 0:08:31]} e5 {[%clk 1:00:19]} 18. Be3 {[%clk 0:07:00]} Nxe3
{[%clk 0:55:15]} 19. Rxe3 {[%clk 0:07:18]} Be6 {[%clk 0:55:19]} 20. Rd1
{[%clk 0:06:18]} Qe7 {[%clk 0:55:05]} 21. Na4 {[%clk 0:03:44]} Nxa4 22. Qxa4
{[%clk 0:04:11]} c5 {[%clk 0:53:26]} 23. Rc3 c4 {[%clk 0:49:57]} 24. Bf1
{[%clk 0:02:18]} Rac8 {[%clk 0:49:04]} 25. Rdc1 {[%clk 0:01:22]} Rc7
{[%clk 0:43:52]} 26. Bxc4 {[%clk 0:01:02]} Rec8 {[%clk 0:36:02]} 27. Qb3
{[%clk 0:01:12]} Bxc4 {[%clk 0:35:47]} 28. Rxc4 {[%clk 0:01:32]} Qe6
{[%clk 0:36:13]} 29. Rxc7 {[%clk 0:01:44]} Rxc7 {[%clk 0:36:32]} 30. Qb2
{[%clk 0:01:15]} Rc4 {[%clk 0:32:38]} 31. Rxc4 {[%clk 0:00:42]} Qxc4
{[%clk 0:33:07]} 32. Nd2 {[%clk 0:00:46]} Qe2 {[%clk 0:32:55]} 33. Qc3
{[%clk 0:00:41]} Qe1+ {[%clk 0:32:35]} 34. Kg2 {[%clk 0:00:41]} Bh6
{[%clk 0:33:04]} 35. Qc8+ {[%clk 0:00:39]} Kg7 {[%clk 0:33:32]} 36. Nf3
{[%clk 0:00:53]} Qxe4 {[%clk 0:31:54]} 37. Qc7 {[%clk 0:00:58]} Qa8
{[%clk 0:29:01]} 38. Qxe5+ {[%clk 0:01:12]} Kg8 {[%clk 0:29:27]} 39. b5
{[%clk 0:00:52]} Bg7 {[%clk 0:28:52]} 40. Qf4 {[%clk 0:30:42]} Bf8
{[%clk 0:55:11]} 41. a4 {[%clk 0:29:52]} Bc5 {[%clk 0:52:52]} 42. Qc4
{[%clk 0:22:48]} Bb6 {[%clk 0:46:32]} 43. g4 {[%clk 0:19:44]} Qd8
{[%clk 0:44:19]} 44. Qe4 {[%clk 0:15:48]} f6 {[%clk 0:41:31]} 45. h4
{[%clk 0:14:58]} Qd6 {[%clk 0:39:23]} 46. Qc4+ {[%clk 0:10:59]} Kg7
{[%clk 0:38:57]} 47. g5 {[%clk 0:08:59]} Qa3 {[%clk 0:31:33]} 48. Qf4
{[%clk 0:05:08]} Qb2 {[%clk 0:27:36]} 49. gxf6+ {[%clk 0:01:22]} Qxf6
{[%clk 0:28:03]} 50. Qe5 {[%clk 0:01:00]} h6 {[%clk 0:23:46]} 51. Kg3
{[%clk 0:00:33]} Kf7 {[%clk 0:23:07]} 52. Qxf6+ {[%clk 0:00:35]} Kxf6
{[%clk 0:23:35]} 53. Nd2 {[%clk 0:00:40]} Ke6 {[%clk 0:22:00]} 54. f4
{[%clk 0:00:33]} Kd5 {[%clk 0:17:58]} 55. Nb3 {[%clk 0:00:32]} Kc4
{[%clk 0:15:05]} 56. a5 {[%clk 0:00:47]} Bd8 {[%clk 0:13:31]} 57. b6
{[%clk 0:00:51]} a6 {[%clk 0:13:53]} 58. h5 {[%clk 0:00:37]} gxh5
{[%clk 0:11:39]} 59. f5 {[%clk 0:00:49]} Kxb3 {[%clk 0:11:24]} 60. b7
{[%clk 0:00:38]} Bc7+ {[%clk 0:11:50]} 61. Kh4 {[%clk 0:00:39]} Ka4
{[%clk 0:11:22]} 62. f6 {[%clk 0:00:49]} Kxa5 {[%clk 0:11:48]} 63. f7
{[%clk 0:01:13]} Bd6 {[%clk 0:11:44]} 64. Kxh5 {[%clk 0:01:16]} 1-0

[Event "Moscow Open 2018 AB"]
[Site "?"]
[Date "2018.01.29"]
[Round "3.14"]
[White "Solozhenkina, Elizaveta"]
[Black "Osmak, Iulija"]
[Result "1-0"]
[BlackElo "2375"]
[WhiteElo "2190"]
[LiveChessVersion "1.4.8"]

1. e4 {[%clk 1:30:58]} e6 {[%clk 1:29:47]} 2. d4 {[%clk 1:31:24]} d5
{[%clk 1:30:08]} 3. Nc3 {[%clk 1:31:49]} Nf6 {[%clk 1:30:32]} 4. e5
{[%clk 1:32:14]} Nfd7 {[%clk 1:30:47]} 5. f4 {[%clk 1:32:38]} c5 {[%clk 1:31:14]}
6. Nf3 {[%clk 1:33:03]} Nc6 {[%clk 1:31:39]} 7. Be3 {[%clk 1:33:28]} cxd4
{[%clk 1:32:03]} 8. Nxd4 {[%clk 1:33:53]} Bc5 {[%clk 1:32:31]} 9. Qd2
{[%clk 1:33:40]} O-O {[%clk 1:32:18]} 10. O-O-O {[%clk 1:33:58]} Nxd4
{[%clk 1:32:25]} 11. Bxd4 {[%clk 1:34:22]} a6 {[%clk 1:32:48]} 12. Qe3
{[%clk 1:12:19]} b6 {[%clk 1:30:46]} 13. Bd3 {[%clk 1:09:56]} Qe7
{[%clk 1:26:35]} 14. Qh3 {[%clk 0:55:38]} g6 {[%clk 1:24:54]} 15. Ne2
{[%clk 0:55:00]} f6 {[%clk 1:19:16]} 16. exf6 {[%clk 0:45:06]} Nxf6
{[%clk 1:19:33]} 17. Qh4 {[%clk 0:42:28]} Ra7 {[%clk 1:15:30]} 18. Rhf1
{[%clk 0:35:46]} Bd7 {[%clk 1:10:10]} 19. Be5 {[%clk 0:32:21]} Bb5
{[%clk 1:08:20]} 20. Nd4 {[%clk 0:31:48]} Qf7 {[%clk 0:59:34]} 21. Kb1
{[%clk 0:22:20]} Bxd3 {[%clk 0:55:18]} 22. cxd3 {[%clk 0:20:11]} Raa8
{[%clk 0:49:58]} 23. Nf3 {[%clk 0:18:24]} Nd7 24. Ng5 {[%clk 0:14:30]} Qe7
{[%clk 0:40:41]} 25. d4 {[%clk 0:13:29]} Nxe5 {[%clk 0:39:58]} 26. fxe5
{[%clk 0:09:40]} Bb4 {[%clk 0:36:02]} 27. a3 {[%clk 0:09:16]} Ba5
{[%clk 0:32:05]} 28. Rf6 {[%clk 0:03:00]} Rxf6 {[%clk 0:31:30]} 29. exf6
{[%clk 0:03:26]} Qxf6 {[%clk 0:31:55]} 30. Qxh7+ {[%clk 0:03:47]} Kf8
{[%clk 0:32:22]} 31. Nxe6+ {[%clk 0:03:13]} Qxe6 {[%clk 0:31:38]} 32. Rf1+
{[%clk 0:03:07]} Ke8 {[%clk 0:31:54]} 33. Qh8+ {[%clk 0:03:32]} Kd7
{[%clk 0:31:16]} 34. Qxa8 {[%clk 0:03:56]} b5 {[%clk 0:31:24]} 35. Qb7+
{[%clk 0:03:34]} Ke8 {[%clk 0:31:18]} 36. Qg7 {[%clk 0:02:30]} Qd6
{[%clk 0:30:33]} 37. Qg8+ {[%clk 0:02:47]} Kd7 {[%clk 0:30:45]} 38. Rf7+
{[%clk 0:03:12]} Kc6 {[%clk 0:30:34]} 39. Qa8+ {[%clk 0:03:37]} 1-0

[Event "Moscow Open 2018 AB"]
[Site "?"]
[Date "2018.01.29"]
[Round "3.15"]
[White "Doroshenko, Diana"]
[Black "Soumya, Swaminathan"]
[Result "1/2-1/2"]
[BlackElo "2349"]
[WhiteElo "2176"]
[LiveChessVersion "1.4.8"]

1. e4 {[%clk 1:30:58]} c5 {[%clk 1:27:52]} 2. Nf3 {[%clk 1:31:23]} Nc6
{[%clk 1:28:08]} 3. Bb5 {[%clk 1:31:49]} g6 {[%clk 1:28:06]} 4. Bxc6
{[%clk 1:32:15]} dxc6 {[%clk 1:28:28]} 5. h3 {[%clk 1:32:35]} Bg7
{[%clk 1:28:38]} 6. d3 {[%clk 1:33:00]} e5 {[%clk 1:28:26]} 7. Be3
{[%clk 1:32:35]} Qe7 {[%clk 1:28:50]} 8. Nc3 {[%clk 1:28:35]} Nf6
{[%clk 1:27:06]} 9. Qd2 {[%clk 1:28:24]} h6 {[%clk 1:27:28]} 10. O-O-O
{[%clk 1:16:30]} b6 {[%clk 1:18:13]} 11. Ne2 {[%clk 1:04:38]} Bb7
{[%clk 1:16:03]} 12. Nh2 {[%clk 0:53:23]} c4 {[%clk 1:09:27]} 13. Ng4
{[%clk 0:48:22]} O-O-O {[%clk 1:05:39]} 14. Nxf6 {[%clk 0:36:45]} cxd3
{[%clk 0:56:52]} 15. cxd3 {[%clk 0:35:56]} Bxf6 {[%clk 0:56:38]} 16. Kb1
{[%clk 0:34:11]} Bg7 {[%clk 0:53:43]} 17. Qc2 {[%clk 0:32:57]} Kb8
{[%clk 0:53:41]} 18. f3 {[%clk 0:32:21]} f5 {[%clk 0:45:25]} 19. Rd2
{[%clk 0:29:09]} Rd6 {[%clk 0:42:17]} 20. Rhd1 {[%clk 0:22:51]} f4
{[%clk 0:36:02]} 21. Bf2 {[%clk 0:23:09]} Ba6 22. d4 {[%clk 0:14:17]} Bxe2
{[%clk 0:34:10]} 23. Rxe2 {[%clk 0:14:36]} Rhd8 {[%clk 0:33:39]} 24. Qc1
{[%clk 0:05:58]} g5 {[%clk 0:32:08]} 25. d5 {[%clk 0:01:47]} cxd5
{[%clk 0:31:44]} 26. exd5 {[%clk 0:02:10]} Rxd5 {[%clk 0:31:47]} 27. Rxd5
{[%clk 0:02:01]} Rxd5 {[%clk 0:32:13]} 28. Be1 {[%clk 0:01:35]} Qd7
{[%clk 0:25:38]} 29. Rd2 {[%clk 0:01:38]} Rxd2 {[%clk 0:23:52]} 30. Qxd2
{[%clk 0:02:01]} Qxd2 {[%clk 0:11:21]} 31. Bxd2 {[%clk 0:02:24]} Kc7
{[%clk 0:06:15]} 32. Kc2 {[%clk 0:02:47]} Kd6 {[%clk 0:05:32]} 33. Bb4+
{[%clk 0:01:32]} Ke6 {[%clk 0:05:13]} 34. b3 {[%clk 0:01:25]} a5 {[%clk 0:04:19]}
35. Ba3 {[%clk 0:01:38]} b5 {[%clk 0:04:16]} 36. Bc5 {[%clk 0:01:00]} Kd5
{[%clk 0:04:10]} 37. Bb6 {[%clk 0:01:24]} e4 {[%clk 0:02:40]} 38. Bxa5
{[%clk 0:01:51]} Bf6 {[%clk 0:01:46]} 39. Kd2 {[%clk 0:01:33]} Be7
{[%clk 0:01:53]} 40. Bc3 {[%clk 0:31:20]} b4 {[%clk 0:31:58]} 41. Bg7
{[%clk 0:22:31]} h5 {[%clk 0:32:02]} 42. Ke2 {[%clk 0:21:26]} e3 {[%clk 0:26:57]}
43. Kd3 {[%clk 0:16:56]} Ke6 {[%clk 0:26:57]} 44. Bd4 {[%clk 0:10:07]} Kf5
{[%clk 0:24:38]} 45. Bb6 {[%clk 0:10:19]} Ke5 {[%clk 0:08:53]} 46. Bd4+
{[%clk 0:10:29]} Kd5 {[%clk 0:08:59]} 47. Bg7 {[%clk 0:08:38]} Ke6
{[%clk 0:08:44]} 48. Bd4 {[%clk 0:09:00]} Kf5 {[%clk 0:07:16]} 49. Bb6
{[%clk 0:09:23]} g4 {[%clk 0:04:31]} 50. hxg4+ {[%clk 0:09:49]} hxg4
{[%clk 0:04:57]} 51. Bc7 {[%clk 0:10:10]} Bc5 {[%clk 0:05:13]} 52. Ke2
{[%clk 0:08:47]} g3 {[%clk 0:04:56]} 53. Kd3 {[%clk 0:08:40]} Bf8
{[%clk 0:04:45]} 54. Bb8 {[%clk 0:08:11]} Be7 {[%clk 0:04:25]} 55. Bc7
{[%clk 0:08:23]} Bf8 {[%clk 0:04:12]} 56. Bb8 {[%clk 0:08:47]} Be7
{[%clk 0:04:40]} 57. Bc7 {[%clk 0:09:09]} Bf8 {[%clk 0:03:43]} 58. Bb8
{[%clk 0:09:25]} 1/2-1/2

[Event "Moscow Open 2018 AB"]
[Site "?"]
[Date "2018.01.29"]
[Round "3.16"]
[White "Gaboyan, Susanna"]
[Black "Doluhanova, Evgeniya"]
[Result "1-0"]
[BlackElo "2342"]
[WhiteElo "2168"]
[LiveChessVersion "1.4.8"]

1. d4 {[%clk 1:30:56]} Nf6 {[%clk 1:29:52]} 2. Nf3 {[%clk 1:30:25]} e6
{[%clk 1:30:16]} 3. g3 {[%clk 1:30:05]} b5 {[%clk 1:29:53]} 4. Bg2
{[%clk 1:28:58]} d5 {[%clk 1:28:55]} 5. O-O {[%clk 1:29:18]} Be7 {[%clk 1:29:04]}
6. b3 {[%clk 1:29:24]} O-O {[%clk 1:29:03]} 7. c4 {[%clk 1:28:34]} bxc4
{[%clk 1:25:34]} 8. bxc4 {[%clk 1:28:57]} c6 {[%clk 1:24:37]} 9. Qa4
{[%clk 1:21:13]} Nfd7 {[%clk 1:22:10]} 10. Qc2 {[%clk 1:15:42]} Ba6
{[%clk 1:18:54]} 11. Nbd2 {[%clk 1:14:14]} Nb6 {[%clk 1:08:32]} 12. c5
{[%clk 1:12:40]} Nc4 {[%clk 0:56:40]} 13. Nxc4 {[%clk 1:12:04]} Bxc4
{[%clk 0:57:10]} 14. Ne5 {[%clk 1:09:53]} Ba6 {[%clk 0:57:20]} 15. Rb1
{[%clk 1:09:43]} Qc8 {[%clk 0:52:13]} 16. Bf4 {[%clk 1:08:41]} Nd7
{[%clk 0:49:32]} 17. Nf3 {[%clk 1:03:07]} Bc4 {[%clk 0:29:06]} 18. Rb2
{[%clk 1:02:27]} Bd8 {[%clk 0:25:32]} 19. Rfb1 {[%clk 0:47:48]} Bc7
{[%clk 0:24:10]} 20. Ng5 {[%clk 0:48:06]} g6 {[%clk 0:22:49]} 21. Bxc7
{[%clk 0:46:06]} Qxc7 {[%clk 0:23:13]} 22. Ne4 {[%clk 0:46:14]} Bxa2
{[%clk 0:11:53]} 23. Rxa2 {[%clk 0:44:55]} dxe4 24. Qxe4 {[%clk 0:44:03]} Rfc8
{[%clk 0:12:08]} 25. Ra6 {[%clk 0:34:23]} Nb8 {[%clk 0:11:32]} 26. Ra4
{[%clk 0:32:52]} Nd7 {[%clk 0:11:19]} 27. Rba1 {[%clk 0:32:38]} e5
{[%clk 0:09:48]} 28. h4 {[%clk 0:27:22]} exd4 {[%clk 0:07:13]} 29. Qxd4
{[%clk 0:27:38]} Nf8 {[%clk 0:06:48]} 30. Ra6 {[%clk 0:26:37]} Ne6
{[%clk 0:02:49]} 31. Qd6 {[%clk 0:26:30]} Nd8 {[%clk 0:00:37]} 32. Bh3
{[%clk 0:26:28]} Qxd6 {[%clk 0:00:39]} 33. cxd6 {[%clk 0:26:51]} f5
{[%clk 0:00:55]} 34. Rxa7 {[%clk 0:26:38]} Rxa7 {[%clk 0:01:20]} 35. Rxa7
{[%clk 0:27:04]} Nf7 {[%clk 0:01:41]} 36. d7 {[%clk 0:20:52]} Rd8
{[%clk 0:02:05]} 37. f4 {[%clk 0:17:54]} c5 {[%clk 0:01:33]} 38. Bg2
{[%clk 0:17:31]} Kf8 {[%clk 0:01:20]} 39. e4 {[%clk 0:40:52]} fxe4
{[%clk 0:30:53]} 40. Bxe4 {[%clk 0:41:16]} Nd6 {[%clk 0:31:08]} 41. Bc6
{[%clk 0:34:03]} Nf5 {[%clk 0:24:26]} 42. Kf2 {[%clk 0:29:18]} Ke7
{[%clk 0:16:19]} 43. Ra1 {[%clk 0:28:11]} Nd4 {[%clk 0:14:56]} 44. Ba4
{[%clk 0:28:34]} Ne6 {[%clk 0:14:10]} 45. Re1 {[%clk 0:24:47]} Kd6
{[%clk 0:14:11]} 46. Rd1+ {[%clk 0:19:37]} Nd4 {[%clk 0:13:00]} 47. Re1
{[%clk 0:19:51]} Ne6 {[%clk 0:13:20]} 48. h5 {[%clk 0:16:31]} c4 {[%clk 0:11:06]}
49. Rd1+ {[%clk 0:15:08]} Ke7 {[%clk 0:10:41]} 50. Rc1 {[%clk 0:12:31]} Nc5
{[%clk 0:09:35]} 51. Rxc4 {[%clk 0:11:20]} Nxa4 {[%clk 0:09:59]} 52. Rxa4
{[%clk 0:11:47]} Rxd7 {[%clk 0:10:11]} 53. h6 {[%clk 0:10:17]} Kf7
{[%clk 0:01:28]} 54. Kf3 {[%clk 0:10:29]} g5 {[%clk 0:00:34]} 55. fxg5
{[%clk 0:02:53]} Kg6 {[%clk 0:00:59]} 56. Kg4 {[%clk 0:03:20]} Rd6
{[%clk 0:01:24]} 57. Kh4 {[%clk 0:03:44]} Rd7 {[%clk 0:00:39]} 58. Ra6+
{[%clk 0:04:02]} Kf7 {[%clk 0:01:02]} 59. Rf6+ {[%clk 0:03:37]} Kg8
{[%clk 0:01:28]} 60. g6 {[%clk 0:03:28]} Rd1 {[%clk 0:00:34]} 61. gxh7+
{[%clk 0:03:31]} Kxh7 {[%clk 0:00:39]} 62. Ra6 {[%clk 0:03:14]} Rd5
{[%clk 0:00:49]} 63. g4 {[%clk 0:03:33]} Rb5 {[%clk 0:01:09]} 64. g5
{[%clk 0:02:34]} Rb1 {[%clk 0:00:41]} 65. Ra7+ {[%clk 0:02:55]} Kg8
{[%clk 0:00:49]} 66. Kh5 {[%clk 0:02:08]} Rb8 {[%clk 0:01:06]} 67. Re7
{[%clk 0:00:49]} Kh8 {[%clk 0:00:36]} 68. Re5 {[%clk 0:00:47]} Ra8
{[%clk 0:00:54]} 69. Kg6 {[%clk 0:00:34]} Rg8+ {[%clk 0:00:33]} 70. Kf7
{[%clk 0:00:52]} Kh7 {[%clk 0:00:49]} 71. Rd5 {[%clk 0:00:36]} Rg6
{[%clk 0:00:32]} 72. Ra5 {[%clk 0:00:32]} Rb6 {[%clk 0:00:34]} 73. Ra7
{[%clk 0:00:38]} Rc6 {[%clk 0:00:42]} 74. Kf8+ {[%clk 0:00:32]} Kh8
{[%clk 0:00:59]} 75. Rf7 {[%clk 0:00:34]} Rg6 {[%clk 0:00:32]} 76. Rf5
{[%clk 0:00:52]} Rb6 {[%clk 0:00:56]} 77. Kf7 {[%clk 0:01:17]} Kh7
{[%clk 0:01:04]} 78. Rd5 {[%clk 0:01:29]} Rg6 {[%clk 0:01:06]} 79. Re5
{[%clk 0:01:14]} Rg7+ {[%clk 0:00:48]} 80. Kf6 {[%clk 0:01:37]} Rg6+
{[%clk 0:00:55]} 81. Kf5 {[%clk 0:02:05]} Rg8 {[%clk 0:00:36]} 82. Re7+
{[%clk 0:02:31]} Kh8 {[%clk 0:01:02]} 83. g6 {[%clk 0:02:58]} Rf8+
{[%clk 0:00:45]} 84. Ke6 {[%clk 0:03:13]} Rg8 {[%clk 0:00:58]} 85. Ra7 Rb8 86.
Ra8 {[%clk 0:02:00]} 1-0

[Event "Moscow Open 2018 AB"]
[Site "?"]
[Date "2018.01.30"]
[Round "4.1"]
[White "Nabaty, Tamir"]
[Black "Schekachikhin, Maksim"]
[Result "1-0"]
[BlackElo "2371"]
[WhiteElo "2658"]
[LiveChessVersion "1.4.8"]

1. d4 {[%clk 1:30:49]} d5 {[%clk 1:30:43]} 2. Nf3 {[%clk 1:31:09]} Nf6
{[%clk 1:30:57]} 3. c4 {[%clk 1:31:30]} e6 {[%clk 1:30:27]} 4. g3
{[%clk 1:31:15]} dxc4 {[%clk 1:29:55]} 5. Bg2 {[%clk 1:31:08]} Bb4+
{[%clk 1:29:05]} 6. Bd2 {[%clk 1:30:47]} a5 {[%clk 1:29:15]} 7. Qc2
{[%clk 1:30:22]} Bxd2+ {[%clk 1:27:07]} 8. Qxd2 {[%clk 1:30:07]} c6
{[%clk 1:25:25]} 9. a4 {[%clk 1:29:40]} Ne4 {[%clk 1:25:27]} 10. Qf4
{[%clk 1:29:36]} Nd6 {[%clk 1:25:23]} 11. Na3 {[%clk 1:27:28]} O-O
{[%clk 1:20:59]} 12. Nd2 {[%clk 1:16:57]} Na6 {[%clk 1:17:57]} 13. Ndxc4
{[%clk 1:15:15]} Nxc4 {[%clk 1:18:08]} 14. Nxc4 {[%clk 1:15:42]} Nb4
{[%clk 1:14:55]} 15. O-O {[%clk 1:13:30]} b6 {[%clk 1:05:24]} 16. Rfd1
{[%clk 1:07:55]} Ba6 {[%clk 0:55:26]} 17. b3 {[%clk 1:08:09]} Bxc4
{[%clk 0:44:06]} 18. bxc4 {[%clk 1:08:36]} Qe7 {[%clk 0:44:00]} 19. Qe5
{[%clk 0:56:49]} Rad8 {[%clk 0:36:26]} 20. c5 {[%clk 0:40:45]} f6
{[%clk 0:32:22]} 21. Qf4 {[%clk 0:36:21]} bxc5 {[%clk 0:23:06]} 22. dxc5
{[%clk 0:36:42]} Qxc5 {[%clk 0:22:27]} 23. Qc7 {[%clk 0:36:10]} Qe5
{[%clk 0:15:07]} 24. Qxe5 {[%clk 0:26:00]} fxe5 {[%clk 0:15:06]} 25. Rdc1
{[%clk 0:26:28]} Rd2 {[%clk 0:13:40]} 26. Bf3 {[%clk 0:26:50]} Rc2
{[%clk 0:09:37]} 27. Bg4 {[%clk 0:12:35]} Kf7 {[%clk 0:06:06]} 28. Rxc2
{[%clk 0:12:54]} Nxc2 {[%clk 0:06:33]} 29. Rc1 {[%clk 0:13:19]} Nb4
{[%clk 0:06:10]} 30. Rc5 {[%clk 0:13:40]} Kf6 {[%clk 0:05:26]} 31. Rxa5
{[%clk 0:14:01]} Rc8 {[%clk 0:04:46]} 32. Rc5 {[%clk 0:12:31]} Na6
{[%clk 0:04:02]} 33. Rc1 {[%clk 0:07:05]} Ke7 {[%clk 0:03:01]} 34. e3
{[%clk 0:05:52]} Kd6 {[%clk 0:03:08]} 35. Rd1+ {[%clk 0:06:18]} Ke7
{[%clk 0:03:19]} 36. Rc1 {[%clk 0:03:05]} Kd6 {[%clk 0:03:40]} 37. a5
{[%clk 0:03:13]} Nc5 {[%clk 0:02:50]} 38. Be2 {[%clk 0:03:28]} Ra8
{[%clk 0:02:05]} 39. Ra1 {[%clk 0:03:48]} Nb3 {[%clk 0:01:23]} 40. Rd1+
{[%clk 0:34:00]} Ke7 {[%clk 0:30:35]} 41. a6 {[%clk 0:33:27]} Nc5
{[%clk 0:24:25]} 42. Ra1 {[%clk 0:32:50]} Kd6 {[%clk 0:23:27]} 43. Ra5
{[%clk 0:29:39]} Nb3 {[%clk 0:21:56]} 44. Ra3 {[%clk 0:28:19]} Nc5
{[%clk 0:22:16]} 45. Ra5 {[%clk 0:20:11]} Nb3 {[%clk 0:22:22]} 46. Ra2
{[%clk 0:20:34]} Nc5 {[%clk 0:21:15]} 47. Kg2 {[%clk 0:19:00]} Kc7
{[%clk 0:18:58]} 48. Kf3 {[%clk 0:15:34]} Kb6 {[%clk 0:11:26]} 49. Kg4
{[%clk 0:15:36]} Nxa6 {[%clk 0:07:51]} 50. Bd3 {[%clk 0:15:06]} c5
{[%clk 0:05:50]} 51. Kg5 {[%clk 0:13:36]} e4 {[%clk 0:04:28]} 52. Bxe4
{[%clk 0:13:10]} Rc8 {[%clk 0:04:21]} 53. Rd2 {[%clk 0:10:47]} c4
{[%clk 0:03:55]} 54. Bxh7 {[%clk 0:09:50]} Rc5+ {[%clk 0:02:56]} 55. Kg6
{[%clk 0:09:22]} c3 {[%clk 0:01:47]} 56. Rd6+ {[%clk 0:08:30]} Kb5
{[%clk 0:01:46]} 57. Kf7 {[%clk 0:08:53]} Nb4 {[%clk 0:00:57]} 58. Rxe6
{[%clk 0:06:07]} Rh5 {[%clk 0:00:44]} 59. Be4 {[%clk 0:05:41]} Rxh2
{[%clk 0:01:04]} 60. f4 {[%clk 0:06:08]} c2 {[%clk 0:00:33]} 61. Bxc2
{[%clk 0:05:49]} Nxc2 {[%clk 0:01:01]} 62. e4 {[%clk 0:06:03]} Rg2
{[%clk 0:00:54]} 63. Rg6 {[%clk 0:06:26]} Nd4 {[%clk 0:00:38]} 64. Rxg7
{[%clk 0:06:19]} Ne2 {[%clk 0:00:36]} 65. e5 {[%clk 0:06:09]} Nxg3
{[%clk 0:00:34]} 66. e6 {[%clk 0:06:21]} Rf2 {[%clk 0:00:47]} 67. Rxg3
{[%clk 0:06:44]} Rxf4+ {[%clk 0:01:14]} 68. Ke8 {[%clk 0:07:07]} Kc6
{[%clk 0:00:53]} 69. e7 {[%clk 0:07:15]} Ra4 {[%clk 0:00:32]} 70. Rf3
{[%clk 0:07:21]} Kd6 {[%clk 0:00:34]} 71. Kf8 {[%clk 0:07:31]} 1-0